EToH Monthly Tower Frames - Statistics

General Stats
  • This quiz has been taken 44 times
    35 since last reset
  • The average score is 73 of 127
Answer Stats
Picture Answer % Correct
Citadel of Squiggly Wiggly
78%
Is This A Tower?
78%
Steeple of Pool Noodle
78%
Tower of Grass
78%
Tower of Is Steeple Crossing Required?
78%
Tower of Laptop Snapping
78%
Tower of Taking a Seat
78%
Citadel of Monochrome and Vibrance
67%
Do Dat Look Like A Tower
67%
Steeple of Bad Lands Chugs
67%
Steeple of Garden Hose
67%
Steeple of Questions
67%
Tower of Annoying Paths
67%
Tower of Bone Ripping Utter Hell
67%
Tower of Challenging Obstacle Anarchy
67%
Tower of Demonic Inspiration
67%
Tower of Frame Carvings
67%
Tower of Fun House Frenzy
67%
Tower of Good Morning, Let's Basketball
67%
Tower of Medium Demon
67%
Tower of Onerous Traversing
67%
Tower of Orange World
67%
Tower of Outer Space Exploration
67%
Tower of Revolving Wack
67%
Tower of Slipping Through Reality
67%
Tower of Stunning Inconsistent Obstacles
67%
Tower of The Mind Electric
67%
Tower of Wacky Progression
67%
Tower of You're a Star
67%
Wow! It's A Tower!
67%
Citadel of Malice
56%
Steeple of Adventurous Explorations
56%
Steeple of Banishment
56%
Steeple of Broken Beyond Repair
56%
Steeple of Espalier
56%
Steeple of Jungle Thrill
56%
Steeple of Nefarious Essence
56%
Steeple of Oversized Picking
56%
Steeple of Palm Tree Venturing
56%
Steeple of Pleasant Enjoyment
56%
Steeple of Rising Temperatures
56%
Steeple of Synthetic Celestials
56%
Steeple of The Deep Well
56%
Steeple of Vivid Island Venturing
56%
This Is A Tower
56%
Tower of Advanced Electronics
56%
Tower of Angry Structures
56%
Tower of Ascension and Descension
56%
Tower of Ashen Inferno
56%
Tower of A Splitting Headache
56%
Tower of Basement Antics
56%
Tower of Big Crack
56%
Tower of Boreal Disarray
56%
Tower of Cake Walk
56%
Tower of Camels of The Sky
56%
Tower of Celestial Darkness
56%
Tower of Celestial Luminescence
56%
Tower of Close Cut Quandaries
56%
Tower of Concealed Visions
56%
Tower of Coolio Sliding
56%
Tower of Disjointed Worlds
56%
Tower of Fair and Nice Serenity
56%
Tower of Fallen World
56%
Tower of Fast Acceleration
56%
Tower of Freezing Cold Dreams
56%
Tower of Frozen Uplift
56%
Tower of Gates To Infinity
56%
Tower of Gloomy Depths
56%
Tower of Heavy Damage
56%
Tower of I Dislike You
56%
Tower of Insanely Chaotic Creations
56%
Tower of Intergalactic Voyages
56%
Tower of Interstellar Dreams
56%
Tower of Irregular Tranquility
56%
Tower of Jubilant Exercises
56%
Tower of Kyodaina Reizouko
56%
Tower of Lavish Embellishment
56%
Tower of Light Hues
56%
Tower of Little Frustration
56%
Tower of Losing Brain Cells
56%
Tower of Luminescent Midnight
56%
Tower of Many Realms
56%
Tower of Menacing Stairway
56%
Tower of Mild Irritation
56%
Tower of Nebulous Attitudes
56%
Tower of Nefarious Endeavors
56%
Tower of No Distress
56%
Tower of Nothing Much
56%
Tower of Numb Hands
56%
Tower of Odd Algorithm
56%
Tower of Optimistic Experiences
56%
Tower of Peaceful Vibes
56%
Tower of Placid Travels
56%
Tower of Pleasant Descents
56%
Tower of Potency and Greatness
56%
Tower of Prismatic Wonders
56%
Tower of Pure Exasperation
56%
Tower of Pushing Objects
56%
Tower of Quaint Activations
56%
Tower of Quantification
56%
Tower of Ravelled Motion
56%
Tower of Savory Citrus Platforming
56%
Tower of Scaling The Pillar
56%
Tower of Spaceship Finding
56%
Tower of Stained, Brutal Calamity
56%
Tower of Stalactite Boundaries
56%
Tower of Standard Newcomings
56%
Tower of Subtle Graciousness
56%
Tower of The Foreboding Abyss
56%
Tower of Truly Extensive Pillars
56%
Tower of Unfaithful Great Heights
56%
Tower of Various Routes
56%
Tower of Vast Horizons
56%
Tower of Vela Pulsar
56%
Tower of Very Simple Downfall
56%
Tower of Vibing
56%
Tower of Violet Contradiction
56%
Tower of Wavy Ripples
56%
Tower of Zingy Gaming
56%
Tower of Zooming Zigzags
56%
Tower of Easing Exultant Expeditions
44%
Tower of An Intricate Rise
33%
Tower of Fading Misery
33%
Tower of Linear Troubles
33%
Tower of Slowly Escalating Tension
33%
Tower of Convoluted Expanses
22%
Tower of Diving Into Madness
22%
No matching quizzes found
Score Distribution
Percent of People with Each Score
Percentile by Number Answered
Your Score History
You have not taken this quiz since the last reset